Statistics for Super Smash Bros. Ultimate Quiz

Click here to take the quiz!

General Stats

  • This quiz has been taken 339 times
    (7 since last reset)
  • The average score is 57 of 88

Answer Stats

SeriesCharacter #Answer% Correct
Super Mario Bros.1Mario
100%
Super Mario Bros.9Luigi
100%
Minecraft77Steve & Alex
100%
Pokèmon50Greninja
100%
The Legend of Zelda43Toon Link
100%
Donkey Kong2Donkey Kong
100%
The Legend of Zelda23Ganondorf
100%
Super Mario Bros.13Peach
100%
Kirby39King Dedede
100%
Pokèmon8Pikachu
100%
Kirby6Kirby
100%
The Legend of Zelda3Link
100%
Star Fox7Fox
100%
Yoshi's Island5Yoshi
100%
Persona71Joker
83%
Metroid4Samus
83%
Mega Man46Mega Man
83%
Star Fox44Wolf
83%
Sonic the Hedgehog38Sonic
83%
Pokèmon33-35Pokemon Trainer
83%
Metroid29Zero Suit Samus
83%
Kid Icarus28eDark Pit
83%
Kid Icarus28Pit
83%
Metroid4eDark Samus
83%
The Legend of Zelda22Young Link
83%
Super Mario Bros.13eDaisy
83%
Super Mario Bros.14Bowser
83%
Pokèmon19Pichu
83%
Pokèmon12Jigglypuff
83%
Metroid65Ridley
67%
Super Mario Bros.58Bowser Jr.
67%
Duck Hunt59Duck Hunt
67%
Street Fighter60Ryu
67%
Street Fighter60eKen
67%
Animal Crossing45Villager
67%
Ice Climbers15Ice Climbers
67%
R.O.B.42R.O.B.
67%
The Legend of Zelda17Zelda
67%
Donkey Kong36Diddy Kong
67%
Donkey Kong67King K Rool
67%
Dragon Quest72Hero
67%
Pokèmon24Mewtwo
67%
Star Fox20Falco
67%
Pac-Man55Pac-Man
67%
Animal Crossing68Isabelle
67%
Splatoon64Inkling
50%
Bayonetta63Bayonetta
50%
Fire Emblem62Corrin
50%
Pokèmon69Incineroar
50%
Castlevania66Simon Belmont
50%
Banjo & Kazooie73Banjo & Kazooie
50%
Fire Emblem75Byleth
50%
Arms76Min-Min
50%
F-Zero11Captain Falcon
50%
Final Fantasy78Sephiroth
50%
Xenoblade Chronicles79Pyra & Mythra
50%
Kid Icarus54Palutena
50%
Final Fantasy61Cloud
50%
Mii51Mii Brawler
50%
Tekken80Kazuya
50%
Fire Emblem32Ike
50%
Super Mario Bros.18Dr. Mario
50%
Warioware30Wario
50%
Kirby27Meta Knight
50%
Mother37Lucas
50%
The Legend of Zelda16Sheik
50%
Pokèmon40Lucario
50%
Pikmin41Pikmin & Captain Olimar
50%
Mother10Ness
50%
Wii Fit47Wii Fit Trainer
50%
Super Mario Bros.48Rosalina & Luma
50%
Punch Out!!49Little Mac
50%
Game & Watch26Mr. Game & Watch
50%
Fire Emblem25eChrom
50%
Fire Emblem25Roy
50%
Metal Gear31Snake
50%
Fire Emblem21Marth
33%
Fatal Fury74Terry Bogard
33%
Mii53Mii Swordfighter
33%
Pokèmon33Squirtle
33%
Pokèmon34Ivysaur
33%
Mii52Mii Gunner
33%
Pokèmon35Charizard
33%
Fire Emblem21eLucina
33%
Xenoblade Chronicles57Shulk
33%
Fire Emblem56Robin
33%
Castlevania66eRichter Belmont
33%
Super Mario Bros.70Piranha Plant
17%

Score Distribution

Percentile by Number Answered

Percent of People with Each Score

Your Score History

You have not taken this quiz since the last reset